000 01764cad a22002535a 4500
001 L142020
008 080122s2007 xxkad f s 000 0 eng d
035 _a(Sirsi) u142020
041 0 _aeng
050 0 4 _a333.22 $2 18
110 2 _aCBI/GVA Grimley
_95488
245 0 0 _aCBI/GVA Grimley corporate real estate survey
_bWinter 2007/08
_h[electronic resource]
300 _aLondon
_bCBI/GVA Grimley
_c2007/08
490 0 _aCBI/GVA Grimley Corporate Real Estate Survey
_vWinter 2007/08
520 _aReports on the current drivers for business and how they affect property portfolio management. Finds some business sectors seek to expand their property portfolios, including distribution, hotels and catering and construction. Finds that profitability and reducing costs remain the key business drivers; location and cost are the key factors influencing the decision to relocate; transport infrastructure is a major concern. The reduction of rate relief on empty properties is seen as having a negative effect, but this is not severe for most firms. Businesses view lower costs as the key benefit of eco-friendly buildings and occupiers are prepared to pay a higher rent for a green building.
520 _aFormerly CBI/GVA Grimley Survey of Property Trends.
590 _aKA NTK
650 2 4 _aCBI/CGV GRIMLEY CORPORATE REAL ESTATE SURVEY
650 2 4 _aRATING (EMPTY PROPERTIES) ACT 2007
651 4 _aUnited Kingdom
_y
690 _aPROPERTY-COMMERCIAL PROPERTY-COMMERCIAL PROPERTY MARKET
856 4 0 _uhttps://uk.practicallaw.com/cs/Satellite?blobcol=urldata&blobheader=application%2Fpdf&blobkey=id&blobtable=MungoBlobs&blobwhere=1247246790389&ssbinary=true
_zView this report free of charge under publications at http://uk.practicallaw.com
942 _n0
999 _c107831
_d107831